1283 1847 1882 1589 1710 1367 1262 1441 1086 1124 1765 1334 1285 1881 1059 1487 1253 1839 1534 1631 1758 1121 1134 1577 1704 1105 1102 1295 1877 1931 1290 1278 1751 1678 1544 1529 1307 1323 1213 1661 1601 1385 1207 1090 1856 1019 1438 1689 1414 1474 1675 1260 1654 1423 1483 1783 1851 1788 1849 1141 1899 1849 1458 1526 1904 1831 1004 1561 1674 1525 1067 1241 1476 1977 1907 1027 1279 1142 1414 1610 1669 1897 1531 1331 1440 1362 1163 1427 1632 1963 1522 1344 1867 1539 1154 1598 1590 1496 1952 BCNSPRNW ULIB Ver.6.0+V

เปลี่ยนเป็นภาษาไทย

Change to English
 แสดงรายละเอียดบรรณานุกรม
  กลับหน้าหลัก

Brief Record : Get Marc (ISO 2709) : E-mail record : QR code < ปิดหน้าต่าง
LEADER : 00000nam 2200000uu 4500
001    13399109527
003     ULIB
008    110404s2552||||th 000 0 tha d
020    9744653574
060 04 WB310^bก389ค
245 00 คู่มือประชาชนในการดูแลสุขภาพด้วยการแพทย์แผนไทย /^cกลุ่มงานพัฒนาวิชาการแพทย์แผนไทยและสมุนไพร สถาบันการแพทย์แผนไทย กรมพัฒนาการแพทย์แผนไทยและการแพทย์ทางเลือก กระทรวงสาธารณสุข; บรรณาธิการ, กันทิมา สิทธิธัญกิจ, พรทิพย์ เติมวิเศษ
250    พิมพ์ครั้งที่ 1
260    กรุงเทพฯ :^bโรงพิมพ์องค์การสงเคราะห์ทหารผ่านศึก,^c2552
300    ก-ฉ, 302 หน้า :^bภาพประกอบสี ;^c31 ซม.
504    บรรณานุกรม
650  7 การแพทย์แผนไทย
650  7 ยาสมุนไพร
650  7 การดูแลตนเอง
650  7 การดูแลภายหลังคลอด
650  7 โยคะ
650  7 เครื่องดื่มสมุนไพร
700 0  กันทิมา สิทธิธัญกิจ,^eบรรณาธิการ
700 0  พรทิพย์ เติมวิเศษ,^eบรรณาธิการ
710 2  สถาบันการแพทย์แผนไทย
710 2  กรมพัฒนาการแพทย์แผนไทยและการแพทย์ทางเลือก.^bสถาบันการแพทย์แผนไทย
945    ^p450^l0^i028790
945    ^p450^l0^i028789
945    ^p450^l0^i033183
995    ทศพร
999 ^a ใช้งานได้ทุกระบบ
รายการนี้ยังไม่มีแท็ก
คุณยังไม่ได้ล็อกอิน คุณสามารถมีกิจกรรมร่วมกับเว็บไซต์ได้ แต่ต้องล็อกอินก่อน ::
  ล็อกอิน

รายการสื่อสารสนเทศ

ลำดับที่ ประเภท เลขเรียก/บาร์โค้ด สถานที่ สถานะ
1. วิทยาศาสตร์การแพทย์ และสุขภาพ
วิทยาศาสตร์การแพทย์ และสุขภาพ
WB310 ก389ค ฉ.3 
  Barcode: 033183
ห้องสมุดวิทยาเขตสวรรค์ประชารักษ์
►หนังสือทั่วไป
บนชั้น

รายการใกล้เคียง
    หัวเรื่อง [การแพทย์แผนไทย]
    หัวเรื่อง [ยาสมุนไพร]
    หัวเรื่อง [การดูแลตนเอง]
    หัวเรื่อง [การดูแลภายหลังคลอด]
    หัวเรื่อง [โยคะ]
    หัวเรื่อง [เครื่องดื่มสมุนไพร]

BibComment


ยังไม่เคยถูกคอมเมนท์

คอมเมนท์ทรัพยากรรายการนี้
  คอมเมนท์: คู่มือประชาชนในกา..


 Copyright 2026. Bcnsprnw @Library